Orașele Europei - quiz pe hartă - Statistics

General Stats
  • This quiz has been taken 4 times
  • The average score is 33 of 36
Answers on the Map
Answers color-coded by a green-red scale on the quiz's map according to % correct below.
 
Answer Stats
Answer % Correct
Amsterdam
100%
Atena
100%
Barcelona
100%
Belgrad
100%
Berlin
100%
Bruxelles
100%
București
100%
Budapesta
100%
Copenhaga
100%
Dublin
100%
Düsseldorf
100%
Edinburgh
100%
Geneva
100%
Helsinki
100%
Kiev
100%
Lisabona
100%
Londra
100%
Madrid
100%
Manchester
100%
Marsilia
100%
Milano
100%
Moscova
100%
München
100%
Napoli
100%
Oslo
100%
Palermo
100%
Paris
100%
Praga
100%
Reykjavik
100%
Roma
100%
Sankt Petersburg
75%
Sevilla
50%
Stockholm
50%
Varșovia
50%
Viena
50%
Sarajevo
25%
No matching quizzes found
Score Distribution
Percent of People with Each Score
Percentile by Number Answered
Your Score History
You have not taken this quiz